Регионална библиотека "Любен Каравелов" - Русе

Ще се видим на пиацата (Запис номер 415686)

MARC детайли
000 -Лидер
Контролно поле с фиксирана дължина 01225nam a2200301 c 4500
003 - Код на организацията, давaща контролен номер
Контролно поле BLK
005 - Дата и час на последна редакция
Контролно поле 20250721093554.0
008 - Елементи от данни с фиксирана дължина
fixed length control field 210521b bul|||||r ||||||| ||bul||
020 ## - Международен стандартен номер на книга ISBN
Международен стандартен номер на книга ISBN 9789542620204
040 ## - Източник на каталожния запис
Идентификатор на билиотеката - собственик на записа BLK
041 ## - Код за език
Код за езика на текст/звукозапис или на отделно заглавие Български
Код за езика КДБФ Български
072 #7 - Код за тематичната категория
Код организация bullib
Код за тематична категория Н83
Текст Чужда художествена литература Н
080 ## - УДК
Текстов определител УДК Американска литература (на САЩ)
УДК код - определител по УДК 821.111(73)
УДК определител -9
УДК - код + определител 821.111(73)-9
100 1# - Редна дума - Автор
Автор Мейс, Франсис
Авторска отговорност първи автор
R(LIN) 333726
139 ## - Редно поле
Редна дума Мейс, Франсис
Авторски знак Мед - М 45
245 10 - Сведения за заглавието
Заглавие Ще се видим на пиацата
Подзаглавни данни Нови места, които ще открием в Италия
Редно поле (дума) Франсис Мейс; прев. от англ. Дори Габровска
257 ## - Страна на издаване
Страна на създаване/издаване Съединени американски щати
260 ## - Област на издателските данни
Място на издаване, разпространение и проч. Пловдив
Име на издателя, разпространителя и проч. Хермес
Година на издаване 2021
300 ## - Физическа характеристика
Страници 480 с.
Размери/Мащаб 21 см
380 ## - Жанр
Жанр Худож. лит.
500 ## - Общи забележки
Забележка Ориг. загл. Bella Tuscany :See you in the piazza / Frances Mayes.
653 ## - Ключова дума – ненормативна
Ключова дума романи
700 1# - Други автори (авторска отговорност)
Лично име Габровска, Дори Генадиева
Дати, свързани с автора 1969 -
Автороска отговорност (Описва отношението между автора и произведението) прев. от англ.
9 (RLIN) 50364
856 4# - Електронен адрес и достъп
Електронен формат pdf - файл
856 4# - Електронен адрес и достъп
Електронен формат pdf - файл
999 ## - СИСТЕМНИ КОНТРОЛНИ НОМЕРА
Koha biblionumber 415686
Koha biblioitemnumber 415686
942 ## - АРТИКУЛИ
Вид на библиотечния материал Книги
Скрит в OPAC Не
Koha issues (borrowed), all copies 62
Периодичен библиозапис Да
944 ## - СЪЗДАВАНЕ И РЕДАКЦИЯ на ЗАПИСА
Служител, извършил регистрацията/редакцията 30535
Статус, дата на статуса Христина Везирева
Наличности
Код за отписване Код за изгубен артикул Източник на класификационната схема Код за повреда Коз за рестрикции Код за отдаване Артикулен № Име на библиотеката - собственик Име на библиотеката, в която се намира в момента Статус (Текущо местоположение) Дата на вписване в системата Местоположение - отдел Цена в лева Систематично азбучна сигнатура Баркод Цена в евро Служебен тип на артикула
  Не е изгубен Universal Decimal Classification Не е повреден без рестрикции заемане за дома 831980 Регионална библиотека "Любен Каравелов" Русе Регионална библиотека "Любен Каравелов" Русе Заемна - подръчен фонд 2021-05-21 Заемна - подръчен фонд 12.56 821-9/М 45 Ф 120000855247 6.42 Книги
  Не е изгубен Universal Decimal Classification Не е повреден без рестрикции заемане за дома 831981 Регионална библиотека "Любен Каравелов" Русе Регионална библиотека "Любен Каравелов" Русе Заемна - подръчен фонд 2021-05-21 Заемна - подръчен фонд 12.56 821-9/М 45 Ф 120000855248 6.42 Книги
  Не е изгубен Universal Decimal Classification Не е повреден само за читалня ползва се в читалня 867695 Регионална библиотека "Любен Каравелов" Русе Регионална библиотека "Любен Каравелов" Русе Хранилище 2022-01-13 Хранилище 17.95 Цб 310038 120000863706 9.18 Книги
Vip Innovations Ltd, Rousse, Bulgaria 2025